|
|
|
|
| LEADER |
00000nab a2200000 a 4500 |
| 001 |
vtls009944645 |
| 003 |
SK-MaSNL |
| 005 |
20260411035626.0 |
| 008 |
090828c20090828xo drz 0 0slo |
| 038 |
|
|
|a KEVKJB
|
| 040 |
|
|
|a KEVKJB
|b slo
|c KEVKJB
|e AACR2
|
| 041 |
0 |
|
|a slo
|
| 044 |
|
|
|a xo
|c SK
|
| 080 |
|
|
|a 746.21-051
|2 2001
|
| 080 |
|
|
|a 929 Onušková, Janka
|2 2001
|
| 245 |
1 |
0 |
|a Paličkovanú čipku postavila na piedestál
|b výtvarníčka Janka Onušková tvorí z nití aj šperky
|c Andrea Nitkulincová
|
| 300 |
|
|
|b Fotogr.
|
| 600 |
1 |
7 |
|a Onušková, Jana,
|d 1949-
|2 kevkjb
|9 37613
|
| 650 |
0 |
7 |
|a paličkovaná čipka
|2 kevkjb
|9 28807
|
| 650 |
0 |
7 |
|a textilné výtvarníčky
|2 kevkjb
|9 54627
|
| 651 |
|
7 |
|a Košice (Slovensko)
|2 kevkjb
|9 18694
|
| 773 |
0 |
|
|t Košický Korzár
|g Roč. XII, č. 200 (28.8.2009)
|x 1335-4566
|
| 773 |
0 |
8 |
|i Príl.:
|t Pohoda
|g S. 10
|
| 852 |
|
|
|a KEVKJB
|b KIS3GCP
|
| 958 |
|
|
|a BX
|
| 999 |
|
|
|c 1703049
|d 1704979
|